Váhy sa nakláňajú na maďarskú stranu. Achillovou pätou Gabčíkova je jeho politický rozmer.

Straty, ktoré vznikajú Slovensku zastavením prác na vodnom diele Gabčíkovo-Nagymaros. Podľa medzištátnej čs.-maďarskej zmluvy mala byť prvá elektrická energia vyrobená už v r. 1990. Náhradné riešenie - variant C - spolitizovanie problému. Nevyhnutnosť odpolitizovania a riešenia len z odborného hľadi...

Descrizione completa

Salvato in:
Dettagli Bibliografici
Autore principale: Prosnan, Jozef
Natura: Capitolo di libro
Lingua:slovacco
Soggetti:
Tags: Aggiungi Tag
Nessun Tag, puoi essere il primo ad aggiungerne!!

MARC

LEADER 00000naa a2200000 4500
001 r012672
005 20220826095025.9
041 0 |a slo 
044 |a SK 
245 1 0 |a Váhy sa nakláňajú na maďarskú stranu.  |b Achillovou pätou Gabčíkova je jeho politický rozmer.  |c J. Prosnan 
520 |a Straty, ktoré vznikajú Slovensku zastavením prác na vodnom diele Gabčíkovo-Nagymaros. Podľa medzištátnej čs.-maďarskej zmluvy mala byť prvá elektrická energia vyrobená už v r. 1990. Náhradné riešenie - variant C - spolitizovanie problému. Nevyhnutnosť odpolitizovania a riešenia len z odborného hľadiska. 
610 2 0 |a diela vodné 
610 2 0 |a Gabčíkovo-Nagymaros 
610 2 0 |a právo medzinárodné 
610 2 0 |a politika 
100 1 |a Prosnan, Jozef